Actividad demostrativa en la formación inicial del profesor de matemáticas.

I tiakina i:
Ngā taipitopito rārangi puna kōrero
Kaituhi matua: Perry Carrasco, Patricia (autor)
Ētahi atu kaituhi: Samper de Caicedo, Carmen (autor) (autor), Camargo Uribe, Leonor (autor) (autor), Rojas Morales, Clara (autor) (autor)
Hōputu: Pukapuka
Reo:Pāniora
Ngā marau:
Ngā Tūtohu: Tāpirihia he Tūtohu
Kāore He Tūtohu, Me noho koe te mea tuatahi ki te tūtohu i tēnei pūkete!

MARC

LEADER 00000nam^a2200000^u^4500
001 000497177
005 20250521000000.0
008 070305s1000^^^^^^^^^^^^r^^^^^000^0^spa^d
009 20260310125628.64
022 |a 958822666X 
035 |a FCE 000040790 
037 |a Acervo ITESO - Biblioteca 
041 |a spa 
082 0 4 |a 372.7  |b PERa 
100 |a Perry Carrasco, Patricia  |e (autor) 
245 1 0 |a Actividad demostrativa en la formación inicial del profesor de matemáticas. 
264 |a Bogotá, Colombia :  |b UPN,  |c 2006. 
300 |a 363 p. 
336 |a texto  |b txt  |2 rdacontenido 
337 |a sin mediación  |b n  |2 rdamedio 
338 |a volumen  |b nc  |2 rdasoporte 
649 |a XX 
650 |a Experiencia educativa 
650 |a Enseñanza de las matemáticas 
650 |a Geometría 
650 |a Formación inicial de docentes 
650 |a Formación profesional de maestros 
700 |a Samper de Caicedo, Carmen  |e (autor) 
700 |a Camargo Uribe, Leonor  |e (autor) 
700 |a Rojas Morales, Clara  |e (autor) 
910 |a Fondo Centro de Estudios Educativos 
920 |a Impresos - Libros 
930 |a Fondos Especiales 
905 |a 133 
901 |a ALE047633  |b IT2  |c CEE  |u 20250521 
902 |a https://opac.biblio.iteso.mx/vufind/Record/000497177